000 00550nam a2200193Ia 4500
001 61910
008 080101n2014 ii |||gr||||Z||||||465
020 _a9788123773285
041 _a465
082 _a070
100 _aMishra,Sidharth,
_eAuthor.
245 0 _aProcessing News :
_bA Career in Journalism /
_cBy Sidharth Mishra .
_hTextual Documents
250 _aist ed.
260 _aDelhi
_bNational book Trust,
_c2014
300 _apg ix 92:
_c20cm.
653 _aNews media, journalism & publishing
653 _aG- Journalism
942 _2ddc
_cBK
999 _c63018
_d63018